000 00353 a2200109 4500
001 ART_17551
005 20260410161923.0
008 260409a
245 1 0 _aEquilibrium in product markets with imperfec information
100 1 _aStiglitz, Joseph E.
773 0 _tThe American Economic Review
_g- Vol. 69, NÂș 2 (mayo 1979)
_wREV16190
999 _c27915
_d27915